000 00269nam a2200085Ia 4500
245 0 _aThe mysterious Benedict Society
100 _a Stewart, Trenton Lee Frome, [Great Britain], 2009 1st pbk. ed
_980053
942 _cBK
008 210817s9999 xx 000 0 und d
999 _c280221
_d280220